119 câu hỏi về luật đất đai năm 2003 /
Quản lý nhà nước về đất đai; Chế độ sử dụng các loại đất; Quyền và nghĩa vụ của người sử dụng đất; Thủ tục hành chính về quản lý và sử dụng đất đai; Thanh tra, giải quyết tranh chấp, khiếu nại, tố cáo và xử lý vi phạm về đất đai; Luật đất đai năm 2003....
Guardat en:
| Autor principal: | |
|---|---|
| Format: | Llibre |
| Idioma: | Vietnamese |
| Publicat: |
Hà Nội :
Tư pháp,
2004.
|
| Matèries: | |
| Etiquetes: |
Afegir etiqueta
Sense etiquetes, Sigues el primer a etiquetar aquest registre!
|
| Thư viện lưu trữ: | Mạng thư viện Đại học Đà Nẵng |
|---|
| LEADER | 01543cam a2200373 a 4500 | ||
|---|---|---|---|
| 001 | 000044533 | ||
| 003 | 2934 | ||
| 005 | 20060427093223.0 | ||
| 008 | 010220b2004 vm 000 vie | ||
| 020 | |c 30000 | ||
| 040 | |a LRC |c LRC |d LRC | ||
| 041 | 0 | |a vie | |
| 082 | 1 | 4 | |a 346.5970432 |b TH-A |
| 100 | 1 | |a Thy Anh. | |
| 245 | 1 | 0 | |a 119 câu hỏi về luật đất đai năm 2003 / |c Thy Anh. |
| 246 | 3 | |a Một trăm mười chín câu hỏi về luật đất đai năm 2003. | |
| 260 | |a Hà Nội : |b Tư pháp, |c 2004. | ||
| 300 | |a 252 tr. ; |c 20,5 cm. | ||
| 520 | 3 | |a Quản lý nhà nước về đất đai; Chế độ sử dụng các loại đất; Quyền và nghĩa vụ của người sử dụng đất; Thủ tục hành chính về quản lý và sử dụng đất đai; Thanh tra, giải quyết tranh chấp, khiếu nại, tố cáo và xử lý vi phạm về đất đai; Luật đất đai năm 2003. | |
| 630 | 0 | 4 | |a Pháp luật. |
| 630 | 0 | 4 | |a Đất đai. |
| 650 | 0 | 4 | |a Luật đất đai |z Việt Nam |y 2003. |
| OWN | |a DUT | ||
| AVA | |a UDN50 |b DUT |c Book |d 346.5970432 TH-A |e available |t Error 5001 Not defined in file expand_doc_bib_avail. |f 3 |g 0 |h N |i 0 |j SH |k 1 | ||
| 999 | |a From the UDN01 | ||
| AVA | |a UDN50 |b DUT |c Book |d 346.5970432 TH-A |e available |t Error 5001 Not defined in file expand_doc_bib_avail. |f 3 |g 0 |h N |i 0 |j SH |k 1 | ||
| TYP | |a Monograph | ||
| TYP | |a Printed language | ||
| 980 | |a Mạng thư viện Đại học Đà Nẵng | ||